000 00371nam a2200145Ia 4500
008 151213s9999 xx 000 0 und d
100 _aJ.C.Falugel
245 _aMan , Morals And Society
_cJ.C.Falugel
260 _aLondon
_bPenguing
_c1955
300 _a8385 p.
650 _aEnglish Literature
650 _aEnglish Literature
700 _aJ.C.Falugel
999 _c4223
_d4223